| 000 | 01062cam a2200289 i 4500 | ||
|---|---|---|---|
| 001 | 31072 | ||
| 003 | Mx-PuUPA | ||
| 005 | 20231025092240.0 | ||
| 008 | 140415s2020 mx ad gr 000 0 spa d | ||
| 020 | _a9786077366409 | ||
| 040 |
_cMx-PuUPA _aMx-PuUPA _bspa _dMx-PuUPA _erda |
||
| 041 | 0 | _aspa | |
| 100 | 1 |
_aCastrejón Mata, Carmen, _915036 _eautor |
|
| 245 | 1 | 0 |
_aImpulso a mi desarrollo socioeducativo : _bun estudio comparativo con enfoque social (Mercadotecnia Social Aplicada) / _cCarmen Castrejón Mata |
| 250 |
_aPrimera edición / _bjunio |
||
| 264 | 1 |
_aCDMX, México : _bEditorial Fontamara, _c2020 |
|
| 300 |
_a119 páginas : _bilustraciones, gráficas, tablas (en blanco y negro) ; _c22 cm |
||
| 336 |
_2rdacontent _atexto _btxt |
||
| 337 |
_2rdamedia _asin medio _bn |
||
| 338 |
_2rdacarrier _avolumen _bnc |
||
| 490 | 0 |
_aArgumentos ; _v543 |
|
| 650 | 7 |
_2armarc _aAutoeducación _xSociología |
|
| 650 | 7 |
_2armarc _aDesarrollo socioeducativo |
|
| 942 |
_2ddc _cLI _h306.43 _iC334 |
||
| 999 |
_c31072 _d31072 |
||